LEADER 01336nam a2200277 u 4500 001 000000117421 003 CaOOAMICUS 005 20091015134445.0 008 091015s1947 it u000 u ita u 040 $aPUL$bita$dMCT 041 1 $aita$hlat 100 0 $aThomas Aquinas,$cs.,$dc. 1225-1274.$0(OLS)http://pul/name/3373 240 10$aSumma theologiae$9(Thomas Aquinas, s., c. 1225-1274).$lItaliano.$1Gruppi, scelte.$0(OLS)http://pul/title/106234 245 10$aDio :$bestratti della Somma Teologica /$cS. Tommaso d'Aquino; traduzione, introduzione e note a cura di Ulisse Pucci. 260 $aTorino :$bS. E. I.,$cstampa 1947. 300 $aPaginaz. varia ;$c19 cm 490 1 $aLetture di filosofia ;$v35 700 1 $aPucci, Ulisse.$0(OLS)http://pul/name/1466 787 0 $aThomas Aquinas, s., c. 1225-1274.$tUomo.$dTorino : S. E. I., stampa 1945.$kLetture di filosofia$w()81433 830 0$aLetture di filosofia ;$v35.$0(OLS)http://pul/title/1966 850 $aPUL 852 $aPUL$W1$xDP1 Religione 1$y20$m485 C 26$j134753$qStampati$B133724$CPULBib$Z2$F133724 $H19966 $82 900 $aTommaso d'Aquino,$cs.,$dc.1225-1274$93373 941 1 $a8 996 $6245$aDio :$bestratti della Somma Teologica$9(OLS)http://pul/title/147762 996 $6260$aTorino :$bS. E. I.$9(OLS)http://pul/publisher/48669 LEADER 01545nam a2200337 a 4500 001 000000175304 003 CaOOAMICUS 005 20220622140826.0 008 220622s2021 it u000 u ita r 020 $a978-88-08-72041-2* 032 $aLibriCat 040 $aPUL$bita 082 04$a346.45 100 1 $aCalvo, Roberto,$d1965-$0(OLS)http://pul/name/71610 245 10$aDell'interpretazione del contratto : $bart. 1362-1371 /$cRoberto Calvo. 260 $aBologna :$bZanichelli,$c2021. 300 $aXXI, 203 p. ;$c25 cm 490 1 $aCommentario del codice civile e codici collegati Scialoja-Branca-Galgano.$aLibro Quarto.$aDelle obbligazioni 500 $aInclude indice. 504 $aBibliografia in nota. 650 4$aContratti$xDiritto privato$zItalia.$0(OLS)http://pul/subject/40444 650 4$aDiritto civile$zItalia.$0(OLS)http://pul/subject/3770 830 0$aCommentario del Codice civile Scialoja-Branca.$nLibro quarto,$pDelle obbligazioni ;$vArt. 1362-1371.$0(OLS)http://pul/title/54660 850 $aPUL 852 $aPUL$W1$xSL Diritto e Scienze Sociali 3$y79$m346. 45 COLL 7.1362$j199508$qDDC 21$B204227$CPULBib$Z2$F204227 $H135661 $82 941 1 $a9 996 $6020$a978-88-08-72041-2*$9(OLS)http://pul/number/168704 996 $6082$a346.45$9(OLS)http://pul/classification/372 996 $6245$aDell'interpretazione del contratto : $bart. 1362-1371$9(OLS)http://pul/title/216722 996 $6260$aBologna :$bZanichelli$9(OLS)http://pul/publisher/48255